Entrada Personal Name
Número de registros utilizados en: 1
001 - CONTROL NUMBER
- control field: 17157
003 - CONTROL NUMBER IDENTIFIER
- control field: DLC
005 - DATE AND TIME OF LATEST TRANSACTION
- control field: 20250606123101.0
008 - FIXED-LENGTH DATA ELEMENTS
- fixed length control field: 800523n| azannaabn |b aaa
010 ## - LIBRARY OF CONGRESS CONTROL NUMBER
- LC control number: n 50025778
- Canceled/invalid LC control number: no 98041254
024 7# - OTHER STANDARD IDENTIFIER
- Standard number or code: 0000000121295918
- Source of number or code: isni
035 ## - SYSTEM CONTROL NUMBER
- System control number: (OCoLC)oca00061176
040 ## - CATALOGING SOURCE
- Original cataloging agency: DLC
- Language of cataloging: spa
- Description conventions: rda
- Transcribing agency: Mx-PuUPA
- Modifying agency: ICU
- Modifying agency: DLC-R
- Modifying agency: DLC
- Modifying agency: OCoLC
- Modifying agency: UPB
- Modifying agency: InU
- Modifying agency: DLC
- Modifying agency: OCoLC
- Modifying agency: Mx-PuUPA
046 ## - SPECIAL CODED DATES
- Birth date: 18970910
- Death date: 19620709
- Source of date scheme: edtf
053 #0 - LC CLASSIFICATION NUMBER
- Classification number element--single number or beginning number of span: PQ2603.A695
100 1# - HEADING--PERSONAL NAME
- Personal name: Bataille, Georges,
- Dates associated with a name: 1897-1962
374 ## - OCCUPATION
- Occupation: Autor
- Source of term: lcsh
375 ## - GENDER
- Gender: hombre
377 ## - ASSOCIATED LANGUAGE
- Language code: fre
378 ## - FULLER FORM OF PERSONAL NAME
- Fuller form of personal name: Georges Albert Maurice Victor
400 1# - SEE FROM TRACING--PERSONAL NAME
- Personal name: Angélique, Pierre,
- Dates associated with a name: 1897-1962
400 0# - SEE FROM TRACING--PERSONAL NAME
- Personal name: Auch,
- Titles and other words associated with a name: Lord,
- Dates associated with a name: 1897-1962
400 0# - SEE FROM TRACING--PERSONAL NAME
- Personal name: Lord Auch,
- Dates associated with a name: 1897-1962
400 1# - SEE FROM TRACING--PERSONAL NAME
- Personal name: Bataiyu, Joruju,
- Dates associated with a name: 1897-1962
400 1# - SEE FROM TRACING--PERSONAL NAME
- Personal name: Bataiyu, G.,
- Dates associated with a name: 1897-1962
400 1# - SEE FROM TRACING--PERSONAL NAME
- Personal name: בטאיי, ז׳ורז׳,
- Dates associated with a name: 1897-1962
400 1# - SEE FROM TRACING--PERSONAL NAME
- Personal name: バタイユジョルジュ,
- Dates associated with a name: 1897-1962
400 1# - SEE FROM TRACING--PERSONAL NAME
- Personal name: ジョルジュ・バタイユ,
- Dates associated with a name: 1897-1962
670 ## - SOURCE DATA FOUND
- Source citation: Documents ... 1929-
670 ## - SOURCE DATA FOUND
- Source citation: Hirano, Y. Mishima Yukio to G. Bataiyu, 1991:
- Information found: p. 224 (G. Bataille) jkt. (Joruju Bataiyu [in kana])
670 ## - SOURCE DATA FOUND
- Source citation: Wikipedia, via WWW, September 10, 2013
- Information found: (Georges Albert Maurice Victor Bataille, 10 September 1897, died 9 July 1962 was a French intellectual and literary figure working in literature, anthropology, philosophy, economy, sociology and history of art. Eroticism, sovereignty, and transgression are at the core of his writings)
670 ## - SOURCE DATA FOUND
- Source citation: Erosu no namida, 2001:
- Information found: title page (ジョルジュ・バタイユ = Joruju Bataiyu) title page verso (Georges Bataille [in rom.])